[Event "Buenos Aires Faogba 36th"]
[Site "Buenos Aires"]
[Date "2019.11.14"]
[Round "3.14"]
[White "Roguin, Nestor H"]
[Black "Coria, Miguel"]
[Result "1-0"]
[WhiteElo "1817"]
[BlackElo "1606"]
[PlyCount "59"]
[EventDate "2019.11.07"]
[EventType "swiss"]
[EventRounds "7"]
[EventCountry "ARG"]
[SourceTitle "EXT 2024"]
[Source "ChessBase"]
[SourceDate "2023.10.10"]
[SourceVersion "1"]
[SourceVersionDate "2023.10.10"]
[SourceQuality "1"]

1. d4 d5 2. Nf3 c6 3. e3 Nf6 4. c4 Bg4 5. Nc3 e6 6. b3 Bb4 7. Bb2 Ne4 8. Rc1 Qa5 9. Qc2 Nxc3 10. Bxc3 Bxc3+ 11. Qxc3 Qxc3+ 12. Rxc3 Nd7 13. c5 Bxf3 14. gxf3 Nf6 15. b4 0-0 16. Bd3 Rfe8 17. f4 Ng4 18. 0-0 h6 19. Rb1 a6 20. a4 Kh8 21. h3 Nf6 22. b5 axb5 23. axb5 cxb5 24. Rxb5 Ra1+ 25. Kg2 Ne4 26. Bxe4 dxe4 27. Rxb7 g5 28. Rxf7 gxf4 29. Rxf4 Rg8+ 30. Rg4 1-0

[Event "Buenos Aires Faogba 36th"]
[Site "Buenos Aires"]
[Date "2019.11.07"]
[Round "1.11"]
[White "Beredjiklian, Mariano"]
[Black "Coria, Miguel"]
[Result "0-1"]
[WhiteElo "2009"]
[BlackElo "1606"]
[PlyCount "66"]
[EventDate "2019.11.07"]
[EventType "swiss"]
[EventRounds "7"]
[EventCountry "ARG"]
[SourceTitle "EXT 2024"]
[Source "ChessBase"]
[SourceDate "2023.10.10"]
[SourceVersion "1"]
[SourceVersionDate "2023.10.10"]
[SourceQuality "1"]

1. f4 d6 2. Nf3 Nc6 3. g3 g6 4. Bg2 Bg7 5. 0-0 Nf6 6. d3 0-0 7. e4 Bg4 8. h3 Bd7 9. c3 e5 10. Be3 exf4 11. gxf4 Qc8 12. Kh2 Nh5 13. Na3 f5 14. Qd2 fxe4 15. dxe4 Be6 16. Ng5 Bh6 17. Nc2 Bg7 18. Nd4 Nxd4 19. cxd4 c6 20. Qe2 Nf6 21. b4 h6 22. Nxe6 Qxe6 23. e5 dxe5 24. fxe5 Nd5 25. Bd2 Rae8 26. Kh1 Rxf1+ 27. Rxf1 Ne7 28. Be1 Nf5 29. Bf2 Rd8 30. Rd1 Kh7 31. Qc2 Qd7 32. Bf3 Nh4 33. Bg4 Qd5+ 0-1

[Event "Moron Philidor CC op 17th"]
[Site "Moron"]
[Date "2018.09.18"]
[Round "6"]
[White "Ruiz Diaz, Alfredo"]
[Black "Coria, Miguel"]
[Result "1-0"]
[WhiteElo "1699"]
[BlackElo "1619"]
[PlyCount "111"]
[EventDate "2018.09.04"]
[EventType "swiss"]
[EventRounds "6"]
[EventCountry "ARG"]
[SourceTitle "CBM 186 Extra"]
[Source "ChessBase"]
[SourceDate "2018.08.24"]
[SourceVersion "1"]
[SourceVersionDate "2018.08.24"]
[SourceQuality "1"]

1. e4 c5 2. Nf3 e6 3. d4 cxd4 4. Nxd4 Nf6 5. Nc3 a6 6. e5 Ng8 7. Bd3 Bc5 8. Nf3 Nc6 9. Ne4 Be7 10. Nd6+ Bxd6 11. exd6 Nf6 12. 0-0 b5 13. Bg5 h6 14. Be3 Bb7 15. c3 Nd5 16. Bc5 Nf6 17. Bc2 Rc8 18. b4 Rb8 19. Re1 Qc8 20. Nd4 Nxd4 21. Qxd4 Qc6 22. f3 Qd5 23. Qe3 Qc6 24. Rad1 Nd5 25. Qd2 Nf6 26. Qf2 Qc8 27. Qg3 0-0 28. Bd4 Qd8 29. Bb1 Rc8 30. Qf2 Bd5 31. Qc2 g6 32. Qd2 Kh7 33. Qe3 Rb8 34. Qe5 Rc8 35. f4 h5 36. Re3 Rc4 37. Bd3 Rxd4 38. Qxd4 Rg8 39. c4 bxc4 40. Bxc4 Bxc4 41. Qxc4 Nd5 42. Rf3 Qb6+ 43. Qd4 Qxd4+ 44. Rxd4 Rc8 45. a3 Rc1+ 46. Kf2 Rc2+ 47. Kg3 Nc3 48. Kh3 Nb5 49. Rdd3 Rc6 50. Rf1 Rc4 51. g3 f6 52. a4 Na7 53. Rb1 Kg7 54. b5 axb5 55. axb5 Rc8 56. Ra3 1-0

[Event "Moron Amateur-ch"]
[Site "Moron"]
[Date "2018.07.21"]
[Round "4"]
[White "Koch, Juan Enrique"]
[Black "Coria, Miguel"]
[Result "1/2-1/2"]
[WhiteElo "1952"]
[BlackElo "1618"]
[PlyCount "94"]
[EventDate "2018.07.17"]
[EventType "swiss"]
[EventRounds "7"]
[EventCountry "ARG"]
[SourceTitle "EXT 2019"]
[Source "ChessBase"]
[SourceDate "2018.10.10"]
[SourceVersion "1"]
[SourceVersionDate "2018.10.10"]
[SourceQuality "1"]

1. Nf3 d5 2. c4 d4 3. d3 c5 4. g3 Bd7 5. Bg2 Nc6 6. 0-0 Qc8 7. e3 Bh3 8. exd4 Bxg2 9. Kxg2 cxd4 10. Re1 g6 11. Na3 Bg7 12. Nb5 Qd7 13. Bf4 0-0-0 14. Qa4 a6 15. Rac1 f6 16. c5 g5 17. Bd6 exd6 18. Nxd6+ Kb8 19. b4 Na7 20. Qb3 Nh6 21. Nxd4 Bf8 22. Ne6 Bxd6 23. Nxd8 Rxd8 24. cxd6 Qxd6 25. Re6 Qf8 26. a4 Nf5 27. Qb2 Nd4 28. Re4 Qd6 29. Rc4 Ndc6 30. b5 axb5 31. axb5 Ne5 32. Rcd4 Qf8 33. Rxd8+ Qxd8 34. Rd4 Qb6 35. Rd5 Nc8 36. Qa3 Ng4 37. d4 h5 38. h3 Qe6 39. Qf3 Nh6 40. Rc5 g4 41. Qf4+ Nd6 42. Qxh6 Qe4+ 43. Kh2 gxh3 44. f3 Qe2+ 45. Kxh3 Qf1+ 46. Kh2 Qf2+ 47. Kh3 Qf1+ 1/2-1/2

[Event "Buenos Aires Philidor CC op"]
[Site "Buenos Aires"]
[Date "2017.11.23"]
[Round "6"]
[White "Coria, Miguel"]
[Black "Alija, Miguel Angel"]
[Result "1/2-1/2"]
[WhiteElo "1897"]
[BlackElo "1715"]
[PlyCount "57"]
[EventDate "2017.11.07"]
[EventType "swiss"]
[EventRounds "7"]
[EventCountry "ARG"]
[SourceTitle "CBM 181 Extra"]
[Source "ChessBase"]
[SourceDate "2017.12.12"]
[SourceVersion "1"]
[SourceVersionDate "2017.12.12"]
[SourceQuality "1"]

1. e4 e5 2. Nf3 Nc6 3. Bc4 g6 4. a3 Bg7 5. d3 Nf6 6. 0-0 0-0 7. Nbd2 d6 8. h3 a6 9. Re1 Be6 10. Bxe6 fxe6 11. c3 Qe7 12. b4 d5 13. exd5 exd5 14. Bb2 Rad8 15. Nxe5 Nxe5 16. d4 Ne4 17. Nxe4 dxe4 18. Qb3+ Kh8 19. dxe5 Bxe5 20. Re2 Rd3 21. Qc4 Qh4 22. Qxe4 Qxe4 23. Rxe4 Bg7 24. f3 Rd2 25. Rb1 Bf6 26. Ba1 Rfd8 27. Ree1 Kg7 28. c4 Bxa1 29. Rxa1 1/2-1/2

[Event "Buenos Aires Philidor CC op"]
[Site "Buenos Aires"]
[Date "2017.11.16"]
[Round "4"]
[White "Mazza, Andres"]
[Black "Coria, Miguel"]
[Result "1/2-1/2"]
[WhiteElo "1805"]
[BlackElo "1897"]
[PlyCount "60"]
[EventDate "2017.11.07"]
[EventType "swiss"]
[EventRounds "7"]
[EventCountry "ARG"]
[SourceTitle "CBM 181 Extra"]
[Source "ChessBase"]
[SourceDate "2017.12.12"]
[SourceVersion "1"]
[SourceVersionDate "2017.12.12"]
[SourceQuality "1"]

1. g4 c6 2. d3 d5 3. h3 g6 4. Bg2 Bg7 5. Nc3 Nf6 6. Bd2 Nbd7 7. Qc1 0-0 8. Bh6 e5 9. Bxg7 Kxg7 10. e3 Qa5 11. Qd2 d4 12. Ne4 Qxd2+ 13. Kxd2 dxe3+ 14. fxe3 Nxe4+ 15. Bxe4 Nc5 16. Bg2 Be6 17. Ne2 Rad8 18. Nc3 f5 19. gxf5 Bxf5 20. e4 Be6 21. Raf1 Rxf1 22. Rxf1 Rf8 23. Rxf8 Kxf8 24. b4 Nd7 25. a4 Ke7 26. b5 Kf6 27. bxc6 bxc6 28. Ne2 a5 29. c4 Kg5 30. Nc3 Nb6 1/2-1/2

[Event "Buenos Aires Philidor CC op"]
[Site "Buenos Aires"]
[Date "2017.11.14"]
[Round "3"]
[White "Coria, Miguel"]
[Black "Serratto, Ricardo Adolfo"]
[Result "0-1"]
[WhiteElo "1897"]
[BlackElo "1653"]
[PlyCount "53"]
[EventDate "2017.11.07"]
[EventType "swiss"]
[EventRounds "7"]
[EventCountry "ARG"]
[SourceTitle "CBM 181 Extra"]
[Source "ChessBase"]
[SourceDate "2017.12.12"]
[SourceVersion "1"]
[SourceVersionDate "2017.12.12"]
[SourceQuality "1"]

1. Nf3 Nc6 2. g3 e5 3. d3 h6 4. Bg2 Nf6 5. 0-0 Bc5 6. a3 d5 7. b4 Bd6 8. Bb2 a6 9. h3 0-0 10. Nbd2 Be6 11. c4 b6 12. Rc1 d4 13. Nh2 Bd7 14. b5 axb5 15. cxb5 Na7 16. Bxa8 Qxa8 17. g4 Nxb5 18. Nc4 Qd5 19. Nxd6 Qxd6 20. Ra1 Nd5 21. Qd2 Qg6 22. Nf3 Re8 23. Bc1 Nf4 24. Nh2 Nxh3+ 25. Kh1 h5 26. f3 hxg4 27. Nxg4 0-1

[Event "Moron Philidor CC U2200 15th"]
[Site "Buenos Aires"]
[Date "2017.09.19"]
[Round "5"]
[White "Coria, Miguel"]
[Black "Ruiz Diaz, Alfredo"]
[Result "1/2-1/2"]
[WhiteElo "1637"]
[BlackElo "1819"]
[PlyCount "95"]
[EventDate "2017.09.12"]
[EventType "swiss"]
[EventRounds "7"]
[EventCountry "ARG"]
[SourceTitle "CBM 180 Extra"]
[Source "ChessBase"]
[SourceDate "2017.10.06"]
[SourceVersion "1"]
[SourceVersionDate "2017.10.06"]
[SourceQuality "1"]

1. Nf3 Nf6 2. b3 b6 3. Bb2 e6 4. g3 Bb7 5. Bg2 Be7 6. 0-0 0-0 7. d4 d5 8. Nbd2 Nbd7 9. Rc1 c5 10. c4 cxd4 11. cxd5 Bxd5 12. Bxd4 Rc8 13. Rxc8 Qxc8 14. Qc1 Ne4 15. Rd1 Qb7 16. Nxe4 Bxe4 17. Qb2 Rc8 18. Rc1 f6 19. Rxc8+ Qxc8 20. Qc3 Qxc3 21. Bxc3 Bb1 22. Nd4 Bxa2 23. b4 a6 24. Nc6 Bd6 25. f4 Kf7 26. e4 Bc7 27. Kf2 Bb3 28. Nd4 Ba4 29. Bh3 Nf8 30. Bg2 e5 31. Ne2 Bb5 32. f5 Nd7 33. Bd2 a5 34. bxa5 bxa5 35. Nc3 Bc6 36. Ke3 Nc5 37. Bf1 Ke7 38. Nd5+ Bxd5 39. exd5 g6 40. g4 gxf5 41. gxf5 Nb3 42. Bc3 Bb6+ 43. Kd3 Kd6 44. Kc4 Nd4 45. Bd3 Nf3 46. h3 Bc7 47. Be4 Ng5 48. Bg2 1/2-1/2

[Event "Moron Philidor CC 13th"]
[Site "Moron"]
[Date "2017.05.13"]
[Round "4.12"]
[White "Coria, Miguel"]
[Black "Solano, Pablo"]
[Result "0-1"]
[WhiteElo "1615"]
[BlackElo "1936"]
[PlyCount "48"]
[EventDate "2017.05.09"]
[EventType "swiss"]
[EventRounds "7"]
[EventCountry "ARG"]
[SourceTitle "EXT 2024"]
[Source "ChessBase"]
[SourceDate "2023.10.10"]
[SourceVersion "1"]
[SourceVersionDate "2023.10.10"]
[SourceQuality "1"]

1. Nf3 Nf6 2. c4 e6 3. g3 b6 4. Bg2 Bb7 5. 0-0 Be7 6. Nc3 0-0 7. d4 Ne4 8. Qc2 Nxc3 9. Qxc3 f5 10. Bf4 Bf6 11. Qd2 d6 12. Rfd1 Nd7 13. Ng5 Bxg2 14. Nxe6 Qe7 15. Nxf8 Nxf8 16. Kxg2 Re8 17. Re1 g5 18. Be3 Qe4+ 19. Kg1 f4 20. gxf4 gxf4 21. Bxf4 Ne6 22. e3 Kh8 23. Qe2 Nxf4 24. exf4 Rg8+ 0-1

[Event "Buenos Aires Perez Cup"]
[Site "Buenos Aires"]
[Date "2016.05.12"]
[Round "2"]
[White "Oyarzu, Eduardo"]
[Black "Coria, Miguel"]
[Result "1-0"]
[WhiteElo "1865"]
[BlackElo "1552"]
[PlyCount "49"]
[EventDate "2016.05.10"]
[EventType "swiss"]
[EventRounds "7"]
[EventCountry "ARG"]
[SourceTitle "CBM 172 Extra"]
[Source "ChessBase"]
[SourceDate "2016.06.21"]
[SourceVersion "1"]
[SourceVersionDate "2016.06.21"]
[SourceQuality "1"]

1. Nf3 d5 2. g3 c6 3. Bg2 Nf6 4. 0-0 g6 5. d4 Bg7 6. Re1 0-0 7. Nbd2 Re8 8. c4 Nbd7 9. b4 e5 10. dxe5 Nxe5 11. Nxe5 Rxe5 12. Bb2 Re8 13. cxd5 cxd5 14. Nb3 Be6 15. Nd4 Qb6 16. Qb3 Red8 17. e3 Ne4 18. Red1 a6 19. Rac1 h5 20. a3 Qd6 21. Nxe6 Qxe6 22. Bxg7 Kxg7 23. Rd4 Rd6 24. Rcd1 Rad8 25. Bxe4 1-0